Online
Catalog

Vida de Máximo Gómez en Santo Domingo ; (Record no. 13599)

MARC details
000 -CABECERA
campo de control de longitud fija 01523nam a2200301 a 4500
001 - NÚMERO DE CONTROL
campo de control 000013995
005 - FECHA Y HORA DE LA ÚLTIMA TRANSACCIÓN
campo de control 20240302073956.0
008 - DATOS DE LONGITUD FIJA--INFORMACIÓN GENERAL
campo de control de longitud fija 091202t1936 dr 011 0bspa d
040 ## - FUENTE DE LA CATALOGACIÓN
Centro catalogador/agencia de origen DO-SdBNP
Lengua de catalogación spa
Centro/agencia transcriptor BNPHU
082 ## - NÚMERO DE LA CLASIFICACIÓN DECIMAL DEWEY
Número de clasificación 923.57293
Número de documento/Ítem G633M
100 1# - ENTRADA PRINCIPAL--NOMBRE DE PERSONA
Nombre de persona Mejía de Fernández, Abigail,
Fechas asociadas al nombre 1895-1941
9 (RLIN) 23312
245 10 - MENCIÓN DE TÍTULO
Título Vida de Máximo Gómez en Santo Domingo ;
Resto del título La familia de Máximo Gómez, Cartas de Máximo Gómez /
Mención de responsabilidad, etc. Abigail Mejía de Fernández, Emilio Rodríguez Demorizi.
260 ## - PUBLICACIÓN, DISTRIBUCIÓN, ETC.
Lugar de publicación, distribución, etc. Ciudad Trujillo, República Dominicana :
Nombre del editor, distribuidor, etc. Caribes,
Fecha de publicación, distribución, etc. 1936.
300 ## - DESCRIPCIÓN FÍSICA
Extensión 71, 111, 71 p. :
Otras características físicas il., gráf. ;
Dimensiones 22 cm.
500 ## - NOTA GENERAL
Nota general "Contribución a la biografía del libertador en la conmemoración de su centenario (noviembre 1836-1936)".
500 ## - NOTA GENERAL
Nota general Incluye árbol genealógico de Máximo Gómez.
501 ## - NOTA DE "CON"
Nota de “Con” Encuadernado con: La familia de Máximo Gómez -- Cartas a Máximo Gómez / compilador Emilio Rodríguez Demorizi.
504 ## - NOTA DE BIBLIOGRAFÍA, ETC.
Nota de bibliografía, etc. Incluye referencias bibliográficas y notas al pie de las páginas.
563 ## - NOTA DE ENCUADERNACIÓN
Nota de encuadernación Tres obras encuadernadas juntas con paginación independiente
600 10 - PUNTO DE ACCESO ADICIONAL DE MATERIA--NOMBRE DE PERSONA
Nombre de persona Gómez, Máximo,
Fechas asociadas al nombre 1836-1905
9 (RLIN) 12249
651 #4 - PUNTO DE ACCESO ADICIONAL DE MATERIA--NOMBRE GEOGRÁFICO
Nombre geográfico República Dominicana
Subdivisión general Historia
9 (RLIN) 170
651 #4 - PUNTO DE ACCESO ADICIONAL DE MATERIA--NOMBRE GEOGRÁFICO
Nombre geográfico Cuba
Subdivisión general Historia
-- Guerra De Los Diez Años, 1868-1878
9 (RLIN) 31666
651 #4 - PUNTO DE ACCESO ADICIONAL DE MATERIA--NOMBRE GEOGRÁFICO
Nombre geográfico Cuba
Subdivisión general Historia
-- Guerra De Independencia, 1895-1898
9 (RLIN) 31667
700 12 - PUNTO DE ACCESO ADICIONAL--NOMBRE DE PERSONA
Nombre de persona Rodríguez, Emilio Rodríguez
9 (RLIN) 31668
740 32 - PUNTO DE ACCESO ADICIONAL--TÍTULO RELACIONADO O ANALÍTICO NO CONTROLADO
Título relacionado o analítico no controlado Cartas a Máximo Gómez
740 32 - PUNTO DE ACCESO ADICIONAL--TÍTULO RELACIONADO O ANALÍTICO NO CONTROLADO
Título relacionado o analítico no controlado La familia de Máximo Gómez
910 ## - DATOS DE OPCIÓN DEL USUARIO (OCLC)
Datos de opción del usuario Validado. Control de calidad MMOLINA
Holdings
Estado de retiro Estado de pérdida Restricciones de uso No para préstamo Código de colección Localización permanente Ubicación/localización actual Ubicación en estantería Fecha de adquisición Número de inventario Total de préstamos Signatura topográfica completa Código de barras Fecha visto por última vez Número de copia Precio válido a partir de Tipo de ítem Koha Nota pública
  Extraviado     Raros y valiosos General General Extraviado 20.07.2011 LF1   923.57293 G633M 13995-30 25.06.2020 e. 3 25.06.2020 Préstamo en sala  
  Extraviado   Excluido de préstamo Raros y valiosos Patrimonio Dominicano Patrimonio Dominicano Extraviado 20.07.2011 LF1   923.57293 G633M 13995-20 25.06.2020 e. 2 25.06.2020 No se presta Perteneció a la bilioteca personal de Martínez Boog.
      Excluido de préstamo Raros y valiosos Patrimonio Dominicano Patrimonio Dominicano Depósito 02.12.2009 LF1   923.57293 G633m 13995-10 25.06.2020   25.06.2020 No se presta Perteneció a la biblioteca personal de Julio Ortega Frier

Powered by Koha